Psoriasis / (Record no. 56691)
[ view plain ]
| 000 -LEADER | |
|---|---|
| fixed length control field | 00888cam3a220026500 4500 |
| 001 - CONTROL NUMBER | |
| control field | lce00606522 |
| 008 - FIXED-LENGTH DATA ELEMENTS--GENERAL INFORMATION | |
| fixed length control field | 740606s1968 iluaf b 000 0 eng |
| 010 ## - LIBRARY OF CONGRESS CONTROL NUMBER | |
| LC control number | 67021777 |
| 035 ## - SYSTEM CONTROL NUMBER | |
| System control number | (Sirsi) r70712 |
| 035 ## - SYSTEM CONTROL NUMBER | |
| System control number | (DLC) 67021777 |
| 035 ## - SYSTEM CONTROL NUMBER | |
| System control number | (UPRA)lce00606522 |
| 040 ## - CATALOGING SOURCE | |
| Modifying agency | UPRA |
| 041 1# - LANGUAGE CODE | |
| Language code of text/sound track or separate title | eng und |
| Language code of original | eng und |
| 050 0# - LIBRARY OF CONGRESS CALL NUMBER | |
| Classification number | RL321 |
| Item number | .S53 |
| 082 ## - DEWEY DECIMAL CLASSIFICATION NUMBER | |
| Classification number | 616.5/26 |
| 100 1# - MAIN ENTRY--PERSONAL NAME | |
| Personal name | Sidi, Edwin. |
| Linkage | A31787.1 |
| 245 10 - TITLE STATEMENT | |
| Title | Psoriasis / |
| Statement of responsibility, etc. | compiled and edited by Edwin Sidi, Zenona W. Zagula-Mally [and] Marc Hincky ; translation by Zenona W. Zagula-Mally ; with a foreword by Marion B. Sulzberger. |
| 260 ## - PUBLICATION, DISTRIBUTION, ETC. | |
| Place of publication, distribution, etc. | Springfield, IL : |
| Name of publisher, distributor, etc. | Thomas, |
| Date of publication, distribution, etc. | [1968] |
| 504 ## - BIBLIOGRAPHY, ETC. NOTE | |
| Bibliography, etc. note | Includes bibliographies. |
| 650 #0 - SUBJECT ADDED ENTRY--TOPICAL TERM | |
| Topical term or geographic name entry element | Psoriasis. |
| Linkage | S23713.1 |
| 700 2# - ADDED ENTRY--PERSONAL NAME | |
| Personal name | Zagula-Mally, Zenona W. |
| Linkage | A31788.1 |
| 700 1# - ADDED ENTRY--PERSONAL NAME | |
| Personal name | Hincky, Marc. |
| Linkage | A31789.1 |
| 949 ## - LOCAL PROCESSING INFORMATION (OCLC) | |
| a | RL321 |
| w | LC |
| i | -95689 |
| m | MEDICAL |
| t | BOOK |
| l | ON-SHELF |
No items available.